MARC

LEADER 00000nas a2200000 a 4500
001 ssj0000547401
003 WaSeSS
005 20200512172242.0
006 m d
007 cr n
008 070717c20059999fr gr s i0 0eng c
010 |a  2007252201 
022 |l 1995-4026  |y 1995-4026 
035 |a (WaSeSS)ssj0000547401 
040 |a EYM  |b eng  |c EYM  |d WAU  |d MYG  |d DLC  |d MYG  |d UPM  |d OCLCQ  |d OCLCF  |d OCLCA  |d RDF  |d WaSeSS 
042 |a pcc 
050 0 0 |a HD7105.35.O4  |b P46 
245 0 0 |a Pensions at a glance  |h [electronic resource] :  |b public policies across OECD countries. 
246 1 3 |a Public policies across OECD countries 
260 |a Paris :  |b Organisation for Economic Co-operation and Developement,  |c c2005- 
310 |a Biennial 
362 1 |a Began with 2005. 
500 |a Subtitle varies :<2011-> :"Retirement-income systems in OECD and G20 countries." 
506 |a License restrictions may limit access. 
588 |a Lates issue consulted: 2011. 
588 |a Description based on first ed.; title from t.p. 
650 0 |a Old age pensions  |x Government policy  |z OECD countries. 
650 0 |a Old age pensions  |x Government policy  |z Group of Twenty countries. 
650 0 |a Pensions  |x Government policy  |z OECD countries. 
650 0 |a Pensions  |x Government policy  |z Group of Twenty countries. 
650 7 |a Old age pensions  |x Government policy.  |2 fast  |0 (OCoLC)fst01045361 
650 7 |a Pensions  |x Government policy.  |2 fast  |0 (OCoLC)fst01057105 
651 7 |a Group of Twenty countries.  |2 fast  |0 (OCoLC)fst01919628 
651 7 |a OECD countries.  |2 fast  |0 (OCoLC)fst01277092 
655 0 |a Electronic journals. 
710 2 |a Organisation for Economic Co-operation and Development. 
775 0 8 |i Also available in French:  |t Pensions dans les pays de l'OCDE 
850 |a DLC 
856 4 0 |z Full text available from Research Library: 01/01/2011 to 12/31/2015  |u https://search.proquest.com/publication/2026457 
856 4 0 |z Full text available from Research Library: 01/01/2017 to 12/31/2017  |u https://search.proquest.com/publication/2026457 
856 4 0 |z Full text available from Research Library: 01/01/2019 to 6 months ago  |u https://search.proquest.com/publication/2026457